[Event "Winnipeg TNT June op"]
[Site "Winnipeg CAN"]
[Date "2008.06.24"]
[Round "4"]
[White "Mundwiler, Les"]
[Black "Greenberg, Harley"]
[Result "1-0"]
[WhiteElo "2057"]
[BlackElo "1700"]
[PlyCount "57"]
[GameId "2160767910354498"]
[EventDate "2008.06.03"]
[EventType "swiss"]
[EventRounds "4"]
[EventCountry "CAN"]
[SourceTitle "EXT 2011"]
[Source "ChessBase"]
[SourceDate "2011.11.26"]
[SourceVersion "1"]
[SourceVersionDate "2011.11.26"]
[SourceQuality "1"]

1. e4 c5 2. Nc3 Nc6 3. f4 d6 4. d3 g6 5. Nf3 Bg7 6. Be2 Nh6 7. O-O Bg4 8. h3 Bxf3 9. Bxf3 O-O 10. Ne2 e5 11. c3 Rc8 12. Qb3 Qe7 13. f5 g5 14. Ng3 c4 15. dxc4 Na5 16. Qc2 g4 17. hxg4 Qh4 18. Qf2 Nxg4 19. Bxg4 Qxg4 20. f6 Bxf6 21. Nf5 Kh8 22. Nh6 Qg6 23. Qxf6+ Qxf6 24. Rxf6 Nxc4 25. Bg5 Rc7 26. Raf1 Kg7 27. Nf5+ Kh8 28. Nxd6 Nxb2 29. Nxf7+ 1-0

[Event "Winnipeg TNT June op"]
[Site "Winnipeg CAN"]
[Date "2008.06.24"]
[Round "4"]
[White "Nikouline, Alexandre"]
[Black "Bince, Rolando"]
[Result "0-1"]
[WhiteElo "2135"]
[BlackElo "1922"]
[PlyCount "90"]
[GameId "2160767910354499"]
[EventDate "2008.06.03"]
[EventType "swiss"]
[EventRounds "4"]
[EventCountry "CAN"]
[SourceTitle "EXT 2011"]
[Source "ChessBase"]
[SourceDate "2011.11.26"]
[SourceVersion "1"]
[SourceVersionDate "2011.11.26"]
[SourceQuality "1"]

1. e4 c6 2. d4 d5 3. e5 Bf5 4. Nc3 e6 5. g4 Bg6 6. Be3 h5 7. Be2 hxg4 8. Bxg4 Nh6 9. Bh5 Bf5 10. Be2 Be7 11. Qd2 b5 12. Bd3 Bxd3 13. Qxd3 Nf5 14. Nge2 Nd7 15. Ng3 Nh4 16. O-O-O Nb6 17. f4 g6 18. Kb1 a5 19. Rdf1 Nc4 20. Bc1 a4 21. b3 Qb6 22. Ka1 axb3 23. cxb3 Na3 24. Rf2 Kd7 25. Bxa3 Bxa3 26. Rc2 Nf5 27. Nxf5 gxf5 28. Rg2 Rag8 29. Rxg8 Rxg8 30. h4 Bf8 31. a4 Bh6 32. axb5 cxb5 33. h5 Qa5+ 34. Kb2 Rg2+ 35. Ne2 Qb6 36. Rc1 Bxf4 37. Rc2 Bh6 38. Qc3 Rg8 39. Qd3 b4 40. Rc5 Rb8 41. Qg3 Qa6 42. Nc1 Ra8 43. Kc2 Bxc1 44. Kd1 Qf1+ 45. Qe1 Qd3+ 0-1

[Event "Winnipeg TNT June op"]
[Site "Winnipeg CAN"]
[Date "2008.06.24"]
[Round "4"]
[White "Vincent, Trevor"]
[Black "Lauritson, Jim"]
[Result "1-0"]
[WhiteElo "2201"]
[BlackElo "1941"]
[PlyCount "49"]
[GameId "2160767910354500"]
[EventDate "2008.06.03"]
[EventType "swiss"]
[EventRounds "4"]
[EventCountry "CAN"]
[SourceTitle "EXT 2011"]
[Source "ChessBase"]
[SourceDate "2011.11.26"]
[SourceVersion "1"]
[SourceVersionDate "2011.11.26"]
[SourceQuality "1"]

1. c4 e5 2. g3 Nf6 3. Bg2 Nc6 4. Nc3 Bc5 5. e3 O-O 6. Nge2 d6 7. O-O Bg4 8. h3 Bh5 9. d3 a6 10. g4 Bg6 11. d4 Ba7 12. f4 exd4 13. exd4 h6 14. f5 Bh7 15. Kh2 Rb8 16. Bf4 Ne7 17. Qd2 b5 18. cxb5 axb5 19. Bxh6 gxh6 20. Qxh6 Ne8 21. f6 Ng6 22. Ne4 Nh8 23. Nf4 Bxd4 24. Nd5 Ng6 25. Ng5 1-0

[Event "Winnipeg TNT June op"]
[Site "Winnipeg CAN"]
[Date "2008.06.24"]
[Round "4"]
[White "Wiebe, Daniel"]
[Black "Evans, Brian"]
[Result "1-0"]
[WhiteElo "1830"]
[BlackElo "1508"]
[PlyCount "59"]
[GameId "2160767910354501"]
[EventDate "2008.06.03"]
[EventType "swiss"]
[EventRounds "4"]
[EventCountry "CAN"]
[SourceTitle "EXT 2011"]
[Source "ChessBase"]
[SourceDate "2011.11.26"]
[SourceVersion "1"]
[SourceVersionDate "2011.11.26"]
[SourceQuality "1"]

1. e4 c5 2. Nf3 d6 3. d4 cxd4 4. Nxd4 Nf6 5. Nc3 a6 6. Bg5 e6 7. Qf3 Be7 8. Bc4 Qc7 9. Bb3 Nc6 10. O-O-O b5 11. h4 Bb7 12. Nce2 Ne5 13. Qf4 Ng6 14. Qe3 Nxe4 15. Bxe6 O-O 16. Bxe7 Nxe7 17. f3 Nc5 18. Bg4 Nd5 19. Qg5 h6 20. Qh5 Nf6 21. Qf5 Bc8 22. Qf4 Bxg4 23. fxg4 Rac8 24. g5 Ne6 25. Qf5 Nxd4 26. Rxd4 Qd7 27. Qxd7 Nxd7 28. Rxd6 Nc5 29. gxh6 gxh6 30. b4 1-0

[Event "Winnipeg TNT March op"]
[Site "Winnipeg CAN"]
[Date "2008.03.04"]
[Round "1"]
[White "Campbell, Gary"]
[Black "Mundwiler, Les"]
[Result "0-1"]
[WhiteElo "1649"]
[BlackElo "2030"]
[PlyCount "43"]
[GameId "2160767910413301"]
[EventDate "2008.03.04"]
[EventType "swiss"]
[EventRounds "4"]
[EventCountry "CAN"]
[SourceTitle "EXT 2011"]
[Source "ChessBase"]
[SourceDate "2011.11.26"]
[SourceVersion "1"]
[SourceVersionDate "2011.11.26"]
[SourceQuality "1"]

1. d4 Nf6 2. c4 d6 3. Nc3 Nbd7 4. e4 e5 5. d5 h6 6. h3 Be7 7. Nge2 a5 8. f3 Nc5 9. Be3 b6 10. Na4 Bd7 11. Nxc5 bxc5 12. a4 Nh7 13. Bf2 O-O 14. g4 Rb8 15. Qc2 Bh4 16. Bg2 Bxf2+ 17. Kxf2 Qh4+ 18. Kf1 g6 19. Rb1 f5 20. Nc3 Ng5 21. Qf2 Qxf2+ 22. Kxf2 0-1

[Event "Winnipeg TNT March op"]
[Site "Winnipeg CAN"]
[Date "2008.03.04"]
[Round "1"]
[White "Khedkar, Jay S"]
[Black "Wasserman, Leor"]
[Result "1/2-1/2"]
[WhiteElo "1870"]
[BlackElo "1464"]
[PlyCount "68"]
[GameId "2160767910413302"]
[EventDate "2008.03.04"]
[EventType "swiss"]
[EventRounds "4"]
[EventCountry "CAN"]
[SourceTitle "EXT 2011"]
[Source "ChessBase"]
[SourceDate "2011.11.26"]
[SourceVersion "1"]
[SourceVersionDate "2011.11.26"]
[SourceQuality "1"]

1. e4 c5 2. Nf3 d6 3. d4 cxd4 4. Nxd4 Nf6 5. Nc3 e6 6. Be2 a6 7. a4 Be7 8. Be3 Bd7 9. O-O O-O 10. f4 Nc6 11. Qd2 Qc7 12. Rad1 Rfd8 13. Bf3 e5 14. Nb3 exf4 15. Bxf4 Ne5 16. Be2 Rac8 17. Bg5 Nc4 18. Bxc4 Qxc4 19. Qf4 Bxa4 20. Rd4 Bxb3 21. Rxc4 Bxc4 22. Nd5 Nxd5 23. Qxf7+ Kh8 24. Bxe7 Nxe7 25. Qxe7 Bxf1 26. Kxf1 Rf8+ 27. Ke1 Rfe8 28. Qxb7 Rxc2 29. b4 Rc4 30. Kd2 Rcxe4 31. Kd3 d5 32. Kc3 Rc4+ 33. Kb3 Re3+ 34. Ka4 h6 1/2-1/2

[Event "Winnipeg TNT March op"]
[Site "Winnipeg CAN"]
[Date "2008.03.04"]
[Round "1"]
[White "Klusa, Lawrence"]
[Black "Silva, T Romero"]
[Result "0-1"]
[WhiteElo "1291"]
[BlackElo "1773"]
[PlyCount "70"]
[GameId "2160767910413303"]
[EventDate "2008.03.04"]
[EventType "swiss"]
[EventRounds "4"]
[EventCountry "CAN"]
[SourceTitle "EXT 2011"]
[Source "ChessBase"]
[SourceDate "2011.11.26"]
[SourceVersion "1"]
[SourceVersionDate "2011.11.26"]
[SourceQuality "1"]

1. d4 Nf6 2. g3 d5 3. Bg2 g6 4. Nf3 Bg7 5. Bg5 Nbd7 6. Nc3 c6 7. Qd2 a5 8. Bh6 O-O 9. Bxg7 Kxg7 10. Nh4 e6 11. e4 dxe4 12. Nxe4 Nxe4 13. Bxe4 Nf6 14. Bf3 a4 15. O-O Qb6 16. c4 Rd8 17. Rad1 e5 18. Qg5 exd4 19. Nf5+ Bxf5 20. g4 Bc2 21. Rd2 Qxb2 22. Bd1 d3 23. h4 Ne4 24. Qf4 Nxd2 25. Qxd2 Qd4 26. h5 Bxd1 27. Qxd1 d2 28. Kg2 Qxc4 29. f3 Qd3 30. Qa1+ Qd4 31. h6+ Kxh6 32. Rh1+ Kg7 33. Rxh7+ Kxh7 34. Qh1+ Kg7 35. Qh7+ Kxh7 0-1

[Event "Winnipeg TNT March op"]
[Site "Winnipeg CAN"]
[Date "2008.03.04"]
[Round "1"]
[White "Kong, Dezheng"]
[Black "Klusa, Mark"]
[Result "1-0"]
[WhiteElo "1814"]
[BlackElo "1384"]
[PlyCount "80"]
[GameId "2160767910413304"]
[EventDate "2008.03.04"]
[EventType "swiss"]
[EventRounds "4"]
[EventCountry "CAN"]
[SourceTitle "EXT 2011"]
[Source "ChessBase"]
[SourceDate "2011.11.26"]
[SourceVersion "1"]
[SourceVersionDate "2011.11.26"]
[SourceQuality "1"]

1. d4 d6 2. c4 g6 3. Nc3 Bg7 4. e4 Nf6 5. Nf3 O-O 6. Be2 Nc6 7. O-O b6 8. Re1 Bb7 9. Bf1 e5 10. dxe5 Nxe5 11. Nxe5 dxe5 12. Nd5 Nxd5 13. cxd5 Qd6 14. Be3 Rac8 15. Qb3 c6 16. dxc6 Rxc6 17. Rad1 Qe7 18. Bc4 Rd6 19. Rxd6 Qxd6 20. Rd1 Qe7 21. Bd5 Rd8 22. Bxf7+ Kh8 23. Rxd8+ Qxd8 24. Bd5 Bxd5 25. exd5 e4 26. Qc2 Qe7 27. Qc8+ Bf8 28. Bh6 Kg8 29. Kf1 Kf7 30. Qxf8+ Qxf8 31. Bxf8 Kxf8 32. Ke2 Ke7 33. Ke3 Kd6 34. Kxe4 a5 35. Kd4 b5 36. b3 h5 37. h4 a4 38. g3 axb3 39. axb3 b4 40. f3 Kd7 1-0

[Event "Winnipeg TNT March op"]
[Site "Winnipeg CAN"]
[Date "2008.03.04"]
[Round "1"]
[White "Lauritson, Jim"]
[Black "Green, Aaron"]
[Result "1/2-1/2"]
[WhiteElo "1997"]
[BlackElo "1644"]
[PlyCount "121"]
[GameId "2160767910413305"]
[EventDate "2008.03.04"]
[EventType "swiss"]
[EventRounds "4"]
[EventCountry "CAN"]
[SourceTitle "EXT 2011"]
[Source "ChessBase"]
[SourceDate "2011.11.26"]
[SourceVersion "1"]
[SourceVersionDate "2011.11.26"]
[SourceQuality "1"]

1. d4 Nf6 2. c4 g6 3. Nc3 Bg7 4. e4 d6 5. Nf3 O-O 6. Be2 e5 7. d5 Nbd7 8. Be3 a5 9. b3 Ne8 10. O-O f5 11. Ng5 Ndf6 12. f3 f4 13. Bf2 h6 14. Ne6 Bxe6 15. dxe6 c6 16. Rc1 Qe7 17. c5 Rd8 18. Bc4 Kh7 19. cxd6 Nxd6 20. Bb6 Nxc4 21. Bxd8 Rxd8 22. Qe2 Ne3 23. Rfe1 Rd6 24. Nd1 Nxd1 25. Rexd1 Ne8 26. Qc4 b5 27. Qc3 Qa7+ 28. Kh1 Rxe6 29. Rd3 Qc7 30. Qc5 Kg8 31. Rcd1 Bf8 32. Qc3 Bb4 33. Qc1 Rd6 34. Rxd6 Bxd6 35. Qd2 Kf7 36. Rc1 Ng7 37. Rd1 Ke7 38. Qe2 g5 39. g3 Ne6 40. Qg2 Qd8 41. Qh3 Qf8 42. Qg2 Nd4 43. g4 Qf7 44. Qf2 c5 45. Kg2 h5 46. h3 h4 47. Qd2 Bc7 48. Qc3 Bb6 49. Qd3 Qe6 50. Rb1 a4 51. Rb2 axb3 52. axb3 Nxb3 53. Qxb3 Qxb3 54. Rxb3 b4 55. Kf1 Kd6 56. Ke2 Kc6 57. Rd3 c4 58. Rd5 Bc7 59. Kd2 Bd6 60. Kc2 Bc7 61. Kd2 1/2-1/2

[Event "Winnipeg TNT March op"]
[Site "Winnipeg CAN"]
[Date "2008.03.04"]
[Round "1"]
[White "Letain, Cory"]
[Black "Rutter, Blair"]
[Result "0-1"]
[WhiteElo "1428"]
[BlackElo "1831"]
[PlyCount "50"]
[GameId "2160767910413306"]
[EventDate "2008.03.04"]
[EventType "swiss"]
[EventRounds "4"]
[EventCountry "CAN"]
[SourceTitle "EXT 2011"]
[Source "ChessBase"]
[SourceDate "2011.11.26"]
[SourceVersion "1"]
[SourceVersionDate "2011.11.26"]
[SourceQuality "1"]

1. d4 e6 2. e4 d5 3. Nc3 Nf6 4. Bd3 c5 5. dxc5 Bxc5 6. exd5 exd5 7. Qe2+ Be6 8. Bg5 O-O 9. Bxf6 Qxf6 10. Nf3 Nc6 11. O-O-O Bb4 12. Nb5 Bg4 13. Nc7 Rad8 14. c4 Qf4+ 15. Qe3 Qxc7 16. cxd5 Ne7+ 17. Kb1 Bc5 18. Qg5 Bxf3 19. gxf3 Bxf2 20. h4 h6 21. Qg4 Nxd5 22. Qe4 Nf6 23. Qe2 Bd4 24. Rh2 Rfe8 25. Qd2 Be3 0-1

[Event "Winnipeg TNT March op"]
[Site "Winnipeg CAN"]
[Date "2008.03.04"]
[Round "1"]
[White "Liu, Weixi"]
[Black "Goodman, Clifford"]
[Result "1-0"]
[WhiteElo "1953"]
[BlackElo "1567"]
[PlyCount "47"]
[GameId "2160767910413307"]
[EventDate "2008.03.04"]
[EventType "swiss"]
[EventRounds "4"]
[EventCountry "CAN"]
[SourceTitle "EXT 2011"]
[Source "ChessBase"]
[SourceDate "2011.11.26"]
[SourceVersion "1"]
[SourceVersionDate "2011.11.26"]
[SourceQuality "1"]

1. d4 Nf6 2. c4 g6 3. Nc3 Bg7 4. e4 O-O 5. f3 d6 6. Be3 e5 7. d5 Ne8 8. g4 f5 9. gxf5 gxf5 10. Qd2 fxe4 11. O-O-O exf3 12. Bg5 Bf6 13. Nxf3 Bg4 14. Rg1 Bxg5 15. Nxg5 Rf2 16. Qxf2 Qxg5+ 17. Qd2 Qxd2+ 18. Rxd2 Kh8 19. Rxg4 Nf6 20. Rg5 Nbd7 21. Bh3 Nc5 22. Bf5 e4 23. Kb1 Rf8 24. Re2 1-0

[Event "Winnipeg TNT March op"]
[Site "Winnipeg CAN"]
[Date "2008.03.04"]
[Round "1"]
[White "Proulx, Roy"]
[Black "Gibbons, Lorne"]
[Result "1-0"]
[WhiteElo "1761"]
[BlackElo "1256"]
[PlyCount "37"]
[GameId "2160767910413308"]
[EventDate "2008.03.04"]
[EventType "swiss"]
[EventRounds "4"]
[EventCountry "CAN"]
[SourceTitle "EXT 2011"]
[Source "ChessBase"]
[SourceDate "2011.11.26"]
[SourceVersion "1"]
[SourceVersionDate "2011.11.26"]
[SourceQuality "1"]

1. e4 d6 2. d4 e5 3. dxe5 dxe5 4. Qxd8+ Kxd8 5. Bc4 f6 6. Ne2 Bc5 7. O-O Ne7 8. Nbc3 a6 9. a4 Bd7 10. Kh1 Nbc6 11. f4 Na5 12. Ba2 Nec6 13. fxe5 Nxe5 14. Bf4 Nec6 15. Rad1 Bd6 16. Nd5 Rf8 17. h3 g5 18. Bd2 f5 19. Bxg5+ 1-0

[Event "Winnipeg TNT March op"]
[Site "Winnipeg CAN"]
[Date "2008.03.04"]
[Round "1"]
[White "Rumpel, Chris"]
[Black "Lipnowski, Samuel"]
[Result "0-1"]
[WhiteElo "1754"]
[BlackElo "2292"]
[PlyCount "62"]
[GameId "2160767910413309"]
[EventDate "2008.03.04"]
[EventType "swiss"]
[EventRounds "4"]
[EventCountry "CAN"]
[SourceTitle "EXT 2011"]
[Source "ChessBase"]
[SourceDate "2011.11.26"]
[SourceVersion "1"]
[SourceVersionDate "2011.11.26"]
[SourceQuality "1"]

1. d4 d5 2. c4 c6 3. Nc3 Nf6 4. Nf3 dxc4 5. e3 b5 6. a4 b4 7. Na2 a5 8. Bxc4 e6 9. b3 Be7 10. Bb2 O-O 11. Nc1 Ba6 12. Nd2 Nbd7 13. Qe2 Bxc4 14. Nxc4 Nb6 15. O-O Nxc4 16. Qxc4 Qd5 17. Qc2 Bd6 18. Nd3 Rac8 19. Rac1 Nd7 20. Rfe1 Qh5 21. f4 Nf6 22. e4 Bb8 23. Qc5 Rfd8 24. Ne5 Ng4 25. h3 Nxe5 26. fxe5 Qg5 27. Qxa5 f6 28. Rxc6 fxe5 29. d5 Rxc6 30. dxc6 Rd2 31. g4 Qh4 0-1

[Event "Winnipeg TNT March op"]
[Site "Winnipeg CAN"]
[Date "2008.03.04"]
[Round "1"]
[White "Schulz, Waldemar"]
[Black "Green, Jim"]
[Result "1-0"]
[WhiteElo "2053"]
[BlackElo "1667"]
[PlyCount "113"]
[GameId "2160767910413310"]
[EventDate "2008.03.04"]
[EventType "swiss"]
[EventRounds "4"]
[EventCountry "CAN"]
[SourceTitle "EXT 2011"]
[Source "ChessBase"]
[SourceDate "2011.11.26"]
[SourceVersion "1"]
[SourceVersionDate "2011.11.26"]
[SourceQuality "1"]

1. Nf3 d5 2. g3 c6 3. Bg2 Nf6 4. O-O g6 5. d4 Bg7 6. Nbd2 O-O 7. Ne5 Nbd7 8. Ndf3 Nxe5 9. Nxe5 Nd7 10. Nf3 e5 11. dxe5 Nxe5 12. Nxe5 Bxe5 13. c3 Qb6 14. Bh6 Re8 15. Qd2 Bg7 16. Bxg7 Kxg7 17. e3 Bf5 18. Qd4+ Qxd4 19. cxd4 Bd3 20. Rfc1 f5 21. Rc3 Bc4 22. b3 Ba6 23. Rac1 g5 24. Bf1 Bxf1 25. Kxf1 Re6 26. b4 a6 27. a4 Rh6 28. Kg2 Re8 29. b5 axb5 30. axb5 Ree6 31. Rb1 Re7 32. Rc5 Kf7 33. bxc6 bxc6 34. Rb6 Ree6 35. Ra5 Re7 36. Rxd5 Rf6 37. Rc5 Ree6 38. Ra6 h6 39. Ra7+ Kg6 40. Rc7 Rd6 41. Rc4 Rde6 42. Kf3 g4+ 43. Kg2 h5 44. Ra4 Rf7 45. Raa7 Rxc7 46. Rxc7 Kh6 47. Kf1 Kg5 48. Ke2 Rh6 49. f4+ gxf3+ 50. Kxf3 h4 51. Rc8 hxg3 52. hxg3 Rg6 53. Ra8 Rg7 54. Ra6 Rg6 55. Ra5 Kf6 56. Rc5 Ke7 57. Rxf5 1-0

[Event "Winnipeg TNT March op"]
[Site "Winnipeg CAN"]
[Date "2008.03.04"]
[Round "1"]
[White "Trueman, Francis"]
[Black "Kernetsky, Myron"]
[Result "0-1"]
[WhiteElo "1466"]
[BlackElo "1902"]
[PlyCount "67"]
[GameId "2160767910413311"]
[EventDate "2008.03.04"]
[EventType "swiss"]
[EventRounds "4"]
[EventCountry "CAN"]
[SourceTitle "EXT 2011"]
[Source "ChessBase"]
[SourceDate "2011.11.26"]
[SourceVersion "1"]
[SourceVersionDate "2011.11.26"]
[SourceQuality "1"]

1. Nf3 d5 2. d3 Nf6 3. Nbd2 Bf5 4. g3 h6 5. Bg2 e6 6. O-O Nbd7 7. Re1 Be7 8. c3 c6 9. Qc2 O-O 10. e4 Bh7 11. b4 a5 12. e5 Ne8 13. bxa5 Nc5 14. Bf1 Rxa5 15. Nb3 Ra8 16. Nxc5 Bxc5 17. Qe2 Nc7 18. Be3 Qe7 19. a4 Bxe3 20. Qxe3 Rfb8 21. Nd4 Na6 22. Nb3 c5 23. Be2 Rc8 24. Nd2 Rc6 25. Reb1 Qc7 26. Rb5 Rb6 27. Rab1 Rxb5 28. axb5 Nb8 29. Nb3 Nd7 30. Qc1 Qxe5 31. Kf1 c4 32. Nc5 Nxc5 33. Ra1 Rxa1 34. Qxa1 0-1

[Event "Winnipeg TNT March op"]
[Site "Winnipeg CAN"]
[Date "2008.03.04"]
[Round "1"]
[White "Wasserman, Arie"]
[Black "Oberton, Daniel"]
[Result "0-1"]
[WhiteElo "1622"]
[BlackElo "1961"]
[PlyCount "64"]
[GameId "2160767910413312"]
[EventDate "2008.03.04"]
[EventType "swiss"]
[EventRounds "4"]
[EventCountry "CAN"]
[SourceTitle "EXT 2011"]
[Source "ChessBase"]
[SourceDate "2011.11.26"]
[SourceVersion "1"]
[SourceVersionDate "2011.11.26"]
[SourceQuality "1"]

1. e4 c5 2. Nf3 d6 3. Nc3 Nf6 4. Bb5+ Bd7 5. Bxd7+ Nbxd7 6. d3 g6 7. Bg5 Bg7 8. Qd2 O-O 9. Bh6 Ng4 10. Bxg7 Kxg7 11. Qg5 Nge5 12. Nxe5 Nxe5 13. f4 h6 14. Qg3 Nc6 15. Nd5 Nd4 16. Ne3 Qb6 17. Kd2 Qb4+ 18. Kd1 Qxb2 19. Rc1 Qxa2 20. h4 h5 21. Qg5 f6 22. Qg3 f5 23. Qg5 Rae8 24. Rh3 Qf7 25. Rg3 Kh7 26. exf5 Nxf5 27. Rf3 Nxe3+ 28. Rxe3 Qxf4 29. Rxe7+ Rxe7 30. Qxe7+ Rf7 31. Qe1 Qf1 32. Ra1 Qxg2 0-1

[Event "Winnipeg TNT March op"]
[Site "Winnipeg CAN"]
[Date "2008.03.11"]
[Round "2"]
[White "Evans, Brian"]
[Black "Khedkar, Jay S"]
[Result "0-1"]
[WhiteElo "1580"]
[BlackElo "1870"]
[PlyCount "64"]
[GameId "2160767910413313"]
[EventDate "2008.03.04"]
[EventType "swiss"]
[EventRounds "4"]
[EventCountry "CAN"]
[SourceTitle "EXT 2011"]
[Source "ChessBase"]
[SourceDate "2011.11.26"]
[SourceVersion "1"]
[SourceVersionDate "2011.11.26"]
[SourceQuality "1"]

1. e4 c5 2. Nf3 d6 3. d4 cxd4 4. Nxd4 Nf6 5. Nc3 a6 6. a4 e6 7. Bg5 Be7 8. Qd2 O-O 9. Bxf6 Bxf6 10. O-O-O Qc7 11. Qd3 Nd7 12. Nde2 Be7 13. f4 Nc5 14. Qc4 Qb8 15. b4 Nxa4 16. Nxa4 b5 17. Qb3 bxa4 18. Qxa4 Bb7 19. Ng3 d5 20. e5 Rc8 21. Qb3 Bc6 22. Rd4 Qb6 23. Qb2 Ba4 24. Bd3 Bxc2 25. Bxc2 Rxc2+ 26. Kxc2 Rc8+ 27. Kb1 a5 28. bxa5 Qa7 29. Ka1 Rb8 30. Qd2 Bb4 31. Qd1 Bc3+ 32. Ka2 Rb2+ 0-1

[Event "Winnipeg TNT March op"]
[Site "Winnipeg CAN"]
[Date "2008.03.11"]
[Round "2"]
[White "Goodman, Clifford"]
[Black "Klusa, Lawrence"]
[Result "1-0"]
[WhiteElo "1567"]
[BlackElo "1291"]
[PlyCount "84"]
[GameId "2160767910413314"]
[EventDate "2008.03.04"]
[EventType "swiss"]
[EventRounds "4"]
[EventCountry "CAN"]
[SourceTitle "EXT 2011"]
[Source "ChessBase"]
[SourceDate "2011.11.26"]
[SourceVersion "1"]
[SourceVersionDate "2011.11.26"]
[SourceQuality "1"]

1. Nf3 d6 2. b3 e5 3. d3 g6 4. Bb2 Bg7 5. g3 Nf6 6. h3 Nc6 7. Bg2 Be6 8. O-O Qd7 9. Ng5 Rb8 10. Nxe6 Qxe6 11. Nd2 O-O 12. Kh2 Ne7 13. e4 c6 14. Qe2 d5 15. a4 d4 16. Ba3 Rfe8 17. f4 b6 18. fxe5 Nd7 19. Bd6 Rbc8 20. Nc4 c5 21. Bxe7 Rxe7 22. a5 Nxe5 23. axb6 axb6 24. Ra6 Nxc4 25. bxc4 Be5 26. Rb1 Bc7 27. Rba1 Qe5 28. Qg4 Ree8 29. Ra7 h5 30. Qf4 Qxf4 31. gxf4 Bxf4+ 32. Kg1 Be3+ 33. Kf1 Rc6 34. e5 Rxe5 35. Bxc6 Rf5+ 36. Kg2 Rf2+ 37. Kg3 Rxc2 38. Rf1 f5 39. Bd5+ Kh8 40. Rf7 f4+ 41. Kh4 Bf2+ 42. Kg5 Bg3 1-0

[Event "Winnipeg TNT March op"]
[Site "Winnipeg CAN"]
[Date "2008.03.11"]
[Round "2"]
[White "Green, Jim"]
[Black "Letain, Cory"]
[Result "1-0"]
[WhiteElo "1667"]
[BlackElo "1428"]
[PlyCount "53"]
[GameId "2160767910413315"]
[EventDate "2008.03.04"]
[EventType "swiss"]
[EventRounds "4"]
[EventCountry "CAN"]
[SourceTitle "EXT 2011"]
[Source "ChessBase"]
[SourceDate "2011.11.26"]
[SourceVersion "1"]
[SourceVersionDate "2011.11.26"]
[SourceQuality "1"]

1. e4 e5 2. Nf3 Nf6 3. Nxe5 d6 4. Nf3 Nxe4 5. c4 Nf6 6. d4 Be7 7. Nc3 O-O 8. Be2 c6 9. O-O d5 10. c5 Bg4 11. h3 Bxf3 12. Bxf3 Nbd7 13. Bf4 b6 14. b4 Re8 15. Re1 Nf8 16. b5 Ne6 17. Rxe6 fxe6 18. bxc6 Rc8 19. c7 Rxc7 20. Bxc7 Qxc7 21. Rc1 bxc5 22. dxc5 Rd8 23. Nb5 Qa5 24. a4 e5 25. c6 d4 26. c7 Rc8 27. Bb7 1-0

[Event "Winnipeg TNT March op"]
[Site "Winnipeg CAN"]
[Date "2008.03.11"]
[Round "2"]
[White "Klusa, Mark"]
[Black "Campbell, Gary"]
[Result "1-0"]
[WhiteElo "1384"]
[BlackElo "1649"]
[PlyCount "71"]
[GameId "2160767910413316"]
[EventDate "2008.03.04"]
[EventType "swiss"]
[EventRounds "4"]
[EventCountry "CAN"]
[SourceTitle "EXT 2011"]
[Source "ChessBase"]
[SourceDate "2011.11.26"]
[SourceVersion "1"]
[SourceVersionDate "2011.11.26"]
[SourceQuality "1"]

1. e4 c5 2. Bb5 a6 3. Bd3 Nc6 4. Nf3 d6 5. Nc3 Nf6 6. b3 g6 7. Bb2 Bg7 8. Nd5 e6 9. Nxf6+ Bxf6 10. Bxf6 Qxf6 11. O-O O-O 12. Re1 b5 13. a4 b4 14. Qe2 Ne5 15. Nxe5 Qxe5 16. Qe3 Bb7 17. Bf1 Rac8 18. Rad1 Rfd8 19. d4 cxd4 20. Rxd4 Rc3 21. Bd3 a5 22. Rc4 Rc8 23. Rxc8+ Rxc8 24. Bc4 Rc5 25. Qg3 Qd4 26. Qe3 Qe5 27. f4 Qb2 28. e5 Qxc2 29. Re2 Qd1+ 30. Kf2 Bc6 31. Rd2 Qg4 32. g3 dxe5 33. Qxc5 Qf3+ 34. Ke1 Qh1+ 35. Bf1 Qe4+ 36. Re2 1-0

[Event "Winnipeg TNT March op"]
[Site "Winnipeg CAN"]
[Date "2008.03.11"]
[Round "2"]
[White "Lipnowski, Samuel"]
[Black "Kernetsky, Myron"]
[Result "1-0"]
[WhiteElo "2292"]
[BlackElo "1902"]
[PlyCount "99"]
[GameId "2160767910413317"]
[EventDate "2008.03.04"]
[EventType "swiss"]
[EventRounds "4"]
[EventCountry "CAN"]
[SourceTitle "EXT 2011"]
[Source "ChessBase"]
[SourceDate "2011.11.26"]
[SourceVersion "1"]
[SourceVersionDate "2011.11.26"]
[SourceQuality "1"]

1. e4 e6 2. d4 d5 3. Nd2 Nf6 4. e5 Nfd7 5. f4 c5 6. c3 Nc6 7. Ndf3 h5 8. Bd3 Nb6 9. Ne2 a5 10. O-O Bd7 11. Kh1 Be7 12. Ng5 cxd4 13. cxd4 h4 14. a3 a4 15. Bc2 Na5 16. Nc3 Nac4 17. Qg4 Bxg5 18. fxg5 g6 19. Rf3 Qe7 20. Rh3 O-O-O 21. Rxh4 Rxh4 22. Qxh4 Rg8 23. Rb1 Kb8 24. Bf4 Rc8 25. Qg3 Qd8 26. Bd1 Qc7 27. Na2 Ka8 28. Rc1 Qb8 29. Qf2 Rc7 30. Rc3 Nc8 31. Bc1 Bb5 32. Rh3 Na7 33. Qf6 Be8 34. Rh8 Rc8 35. h4 Qc7 36. g4 Qb6 37. Qf4 Nxb2 38. Be2 Qb3 39. Be3 Qxa2 40. h5 Qb1+ 41. Qf1 Qe4+ 42. Qf3 Qb1+ 43. Kh2 gxh5 44. gxh5 Nc4 45. Bf4 Qe1 46. Bg3 Qd2 47. Rg8 Qxd4 48. h6 Nxe5 49. Qf4 Ng6 50. Qxd4 1-0

[Event "Winnipeg TNT March op"]
[Site "Winnipeg CAN"]
[Date "2008.03.11"]
[Round "2"]
[White "Mundwiler, Les"]
[Black "Rutter, Blair"]
[Result "1-0"]
[WhiteElo "2030"]
[BlackElo "1831"]
[PlyCount "51"]
[GameId "2160767910413318"]
[EventDate "2008.03.04"]
[EventType "swiss"]
[EventRounds "4"]
[EventCountry "CAN"]
[SourceTitle "EXT 2011"]
[Source "ChessBase"]
[SourceDate "2011.11.26"]
[SourceVersion "1"]
[SourceVersionDate "2011.11.26"]
[SourceQuality "1"]

1. d4 e6 2. c4 c5 3. d5 d6 4. Nc3 e5 5. e3 f5 6. g3 Nf6 7. Bg2 Be7 8. Nge2 Na6 9. O-O h5 10. h4 g5 11. hxg5 Ng8 12. e4 Bxg5 13. f4 Bf6 14. exf5 Qe7 15. fxe5 Bxe5 16. Ne4 Nf6 17. Bg5 Bd7 18. Nf4 Bxf5 19. Bxf6 Bxf6 20. Nxf6+ Qxf6 21. Ne6 Qg6 22. Rxf5 Qxg3 23. Qe2 Kd7 24. Rf7+ Kc8 25. Raf1 Re8 26. Rf8 1-0